| 000 | 00504nam a2200205 4500 | ||
|---|---|---|---|
| 003 | OSt | ||
| 005 | 20260601193856.0 | ||
| 008 | 260507b2001 |||a|||| |||| 001 0 eng d | ||
| 020 | _a3823854968 | ||
| 040 |
_aICI _bspa _cICI |
||
| 050 |
_aNA2850 _bS56 |
||
| 100 | 1 |
_aBoschi, Antonello _933046 |
|
| 245 | 1 | _aShowrooms | |
| 264 |
_bTeNeues _c2001 _aItalia |
||
| 300 | _a383 páginas | ||
| 336 |
_atexto _2rdacontent |
||
| 337 |
_asin medio _2rdamedia |
||
| 338 |
_avolumen _2rdacarrier |
||
| 942 |
_2lcc _cB _n1 |
||
| 999 |
_c22050 _d22050 |
||